| 000 | 00899nam a2200265 a 4500 | ||
|---|---|---|---|
| 001 | 39766 | ||
| 003 | AR-BaAGN | ||
| 005 | 20231223063233.0 | ||
| 007 | ta | ||
| 008 | 220625s2006 ag |||||r|||| ||||||spa d | ||
| 020 | _a978-950-556-480-4 | ||
| 040 |
_eaacr _bspa _aAR-BaAGN |
||
| 100 | 1 |
_aPuiggros, Rodolfo, _d1906-1980 _96614 |
|
| 245 | 1 | 0 | _aHistoria crítica de los partidos políticos argentinos. |
| 250 | _a1ª ed. | ||
| 260 |
_aBuenos Aires : _bGalerna, _c2006. |
||
| 300 | _a5 volúmenes (160, 228, 184, 272, 168 páginas) | ||
| 336 |
_2rdacontent _btxt |
||
| 337 |
_2rdamedia _bn |
||
| 338 |
_2rdacarrier _bnc |
||
| 505 | 0 |
_gV. 1: _tPueblo y oligarquía -- _gV. 2: _tEl yrigoyenismo -- _gV. 3: _tLas izquierdas y el problema nacional -- _gV. 4: _tLa democracia fraudulenta -- _gV. 5: _tEl peronismo : sus causas. |
|
| 650 | 4 |
_aHISTORIA ARGENTINA _92450 |
|
| 942 |
_cLIBRO _n0 |
||
| 999 |
_c39766 _d39766 |
||